| 000 | 00559nam a2200181 4500 | ||
|---|---|---|---|
| 001 | 115898 | ||
| 003 | ES-MaACL | ||
| 005 | 20231228173809.0 | ||
| 007 | t| | ||
| 008 | 061121s1921 sp r ||||1| spa d | ||
| 100 | 1 |
_aOrs, Eugenio d', _d1881-1954 _987358 |
|
| 245 | 1 | 3 |
_aEl valle de Josafat / _cEugenio d'Ors ; traducción de R. Marquina. |
| 260 |
_aMadrid : _b[s.n.], _c1921 ( _fImp. Clásica Española) |
||
| 300 |
_a328 p., 1 lám. ; _c17 cm. |
||
| 700 | 1 |
_aMarquina, Rafael. _9139054 |
|
| 852 |
_aES-MaACL _jF-11287 |
||
| 999 |
_c115898 _d115898 |
||